000 00293nam a22001217a 4500
008 181005b xxu||||| |||| 00| 0 eng d
041 _aeng
080 _23 ED
_a612.39
100 _a10
101 _aNUT
245 _aAdvanced Nutrition And Human Metabolism
_cGrof.J.L
942 _2udc
_cBK
999 _c48895
_d48895